000 00479nam a2200181Ia 4500
005 20250923144502.0
008 008 250917s9999 xx 000 0 eng d
037 _aTextual
040 _aDSWL
_beng
_cDSWL
041 _aeng
_2eng
084 _qDSWL
100 _aHicks, J.R.
_9825368
245 0 _aSocial frame work
_cby J.R. Hicks
260 _aLondon
_bOxford Univ Press U.K.
_c1952
300 _axiii,285p.
942 _cTEXL
999 _c1439474
_d1439474